=LDR 00000nam 2200000 4500 =001 INLIS000000000019682 =005 20130612114717 =008 ***********************************Ind** =035 ##$$a0010-061300000019682 =041 ##$$a Ind =082 ##$$a 375 =090 ##$$a 375, Mul k =100 ##$$a Mulyaa, E =245 ##$$a Kurikulum berbasis kompetensi konsep, karakteristik dan implementasi =260 ##$$a 2006 $b Jakarta =300 ##$$a ix, 266 hlm, ilus, 24 cm =650 ##$$a Kurikulum =850 ##$$a NBPNMAT =990 ##$$a 0001/BPAP-NTB/20142014